[Event "AUTO-OPEN-1463"]
[Site "http://www.queenalice.com/game.php?id=608785"]
[Date "2009.6.25"]
[Round "2"]
[White "tsangal"]
[Black "CCapivara"]
[Result "1/2-1/2"]
[WhiteElo "2093"]
[BlackElo "2082"]

1. e4 d6 2. d4 Nf6 3. Nc3 c6 4. f4 Bg4 5. Be2 Bxe2 6. Qxe2 e6 7. Nf3 Nbd7 8. O-O
Be7 9. e5 Nd5 10. Nxd5 cxd5 11. Bd2 O-O 12. Bb4 dxe5 13. Bxe7 Qxe7 14. fxe5 Rac8
15. c3 Nb6 16. Nd2 a6 17. Rf3 Nc4 18. Nxc4 Rxc4 19. Raf1 b5 20. b3 Rc7 21. Qd3
h6 22. Qd2 Qg5 23. Qf2 Qg6 24. Rg3 Qh7 25. Rf3 Qg6 1/2-1/2

[Event "AUTO-OPEN-1463"]
[Site "http://www.queenalice.com/game.php?id=608790"]
[Date "2009.6.25"]
[Round "2"]
[White "holandes"]
[Black "tsangal"]
[Result "0-1"]
[WhiteElo "1861"]
[BlackElo "2137"]

1. d4 Nf6 2. c4 e6 3. Nc3 Bb4 4. Bd2 O-O 5. a3 Bxc3 6. Bxc3 Ne4 7. Bb4 d6 8. f3
Qh4+ 9. g3 Nxg3 10. hxg3 Qxh1 11. Kf2 Qh2+ 12. Bg2 Qh5 13. Nh3 e5 14. Qh1 exd4
15. Rd1 c5 16. Bd2 Be6 17. b3 Nc6 18. Bf4 d5 19. g4 Qh4+ 20. Kf1 Qe7 21. Ng5 h6
22. Nh3 dxc4 23. b4 cxb4 24. axb4 Qxb4 25. Kf2 c3 26. Qh2 Qb2 27. Bc1 Qc2 28.
Qg1 a5 29. Qf1 Bb3 30. Re1 d3 31. Ba3 Rfe8 32. Nf4 d2 33. Ra1 d1=Q 34. Rxd1 Qxd1
35. Qxd1 Bxd1 36. Bf1 b5 37. Nd5 b4 38. Bc1 a4 39. Nc7 a3 40. Nxa8 Rxa8 41. e3
a2 42. Ke1 Bxf3 43. Bh3 a1=Q 44. Kf2 Ne5 45. Kg3 Qxc1 46. Kf4 Ra5 47. g5 hxg5+
48. Kxg5 Qxe3+ 49. Kf5 Ng6# 0-1

[Event "AUTO-OPEN-1463"]
[Site "http://www.queenalice.com/game.php?id=608791"]
[Date "2009.6.25"]
[Round "2"]
[White "tsangal"]
[Black "holandes"]
[Result "1-0"]
[WhiteElo "2126"]
[BlackElo "1878"]

1. e4 c5 2. Nc3 g6 3. d4 cxd4 4. Qxd4 Nf6 5. Nf3 Nc6 6. Qa4 d6 7. e5 dxe5 8.
Nxe5 Bd7 9. Nxd7 Nxd7 10. Bb5 Bg7 11. O-O O-O 12. Bxc6 bxc6 13. Bg5 f6 14. Be3
Qc7 15. Rad1 e6 16. Rfe1 Rfe8 17. Bf4 e5 18. Qc4+ Kf8 19. Be3 f5 20. Nb5 Qb8 21.
Rxd7 Re7 22. Bc5 cxb5 23. Bxe7+ Ke8 24. Qe6 Qb6 25. Bd6# 1-0

[Event "AUTO-ADV-1241"]
[Site "http://www.queenalice.com/game.php?id=610581"]
[Date "2009.6.29"]
[Round "2"]
[White "Arthur0007"]
[Black "tsangal"]
[Result "0-1"]
[WhiteElo "2016"]
[BlackElo "2112"]

1. e4 c5 2. Nf3 g6 3. d4 cxd4 4. Nxd4 Nc6 5. c3 Bg7 6. Be3 Nf6 7. Nd2 O-O 8. f3
d5 9. Nxc6 bxc6 10. Qc2 Qc7 11. Bd3 Rb8 12. Nb3 dxe4 13. Bxe4 Nxe4 14. fxe4 Be5
15. g3 Rd8 16. O-O Bxg3 17. Qg2 Be5 18. Rf2 Be6 19. Nc5 Qc8 20. Nxe6 Qxe6 21.
Bxa7 Ra8 22. Be3 Rxa2 23. Raf1 Rd3 24. Bh6 f6 25. Rd2 Rxd2 26. Qxd2 Qg4+ 27. Kf2
Kf7 28. Qc2 Bxh2 0-1

[Event "AUTO-ADV-1241"]
[Site "http://www.queenalice.com/game.php?id=610582"]
[Date "2009.6.29"]
[Round "2"]
[White "tsangal"]
[Black "Arthur0007"]
[Result "1/2-1/2"]
[WhiteElo "2115"]
[BlackElo "2001"]

1. e4 e5 2. Nf3 Nf6 3. Nxe5 d6 4. Nf3 Nxe4 5. Nc3 Nxc3 6. dxc3 Be7 7. Be3 O-O 8.
Qd2 Re8 9. O-O-O Nd7 10. Bd3 Nf8 11. Rhe1 Bg4 12. Be4 c6 13. h3 Bh5 14. g4 Bg6
15. Bd3 h6 16. Kb1 Qd7 17. Nd4 d5 18. f4 Bh4 19. Bf2 Rxe1 20. Rxe1 Bxf2 21. Qxf2
Bxd3 22. cxd3 Re8 23. f5 Rxe1+ 24. Qxe1 Nh7 25. Nf3 Kf8 26. Qg3 1/2-1/2

[Event "AUTO-ADV-1241"]
[Site "http://www.queenalice.com/game.php?id=610585"]
[Date "2009.6.29"]
[Round "2"]
[White "tsangal"]
[Black "TomRipley"]
[Result "0-1"]
[WhiteElo "2131"]
[BlackElo "2099"]

1. e4 e5 2. Nf3 Nc6 3. d4 exd4 4. Bc4 Nf6 5. e5 Ng4 6. Qe2 Qe7 7. Bf4 f6 8. exf6
Qxe2+ 9. Bxe2 gxf6 10. Bxc7 d6 11. Bb5 Bd7 12. Bxc6 Bxc6 13. Nxd4 Kd7 14. Nxc6
Kxc6 15. Ba5 Re8+ 16. Kf1 d5 17. h3 Ne5 18. Nd2 Bc5 19. Nb3 d4 20. Nxc5 Kxc5 21.
Rd1 Re6 22. g3 Rc8 23. c3 d3 24. Bb4+ Kb5 25. Kg2 Rd8 26. Rhe1 Ra6 27. a3 Ka4
28. Be7 Rd7 29. Bxf6 Rxf6 30. Rxe5 d2 31. Re2 Rfd6 32. f4 Kb3 33. f5 Kc2 34. Rf1
Kxb2 35. Ref2 Re7 36. g4 Kxc3 37. f6 Rf7 38. g5 d1=Q 39. Rxd1 Rxd1 0-1

[Event "AUTO-ADV-1241"]
[Site "http://www.queenalice.com/game.php?id=610586"]
[Date "2009.6.29"]
[Round "2"]
[White "TomRipley"]
[Black "tsangal"]
[Result "0-1"]
[WhiteElo "2112"]
[BlackElo "2118"]

1. d4 Nf6 2. c4 e6 3. Nc3 Bb4 4. Bd2 O-O 5. Nf3 b6 6. Qb3 Bxc3 7. Bxc3 Bb7 8.
Bd2 Ne4 9. Bf4 d6 10. e3 Nd7 11. Bd3 e5 12. dxe5 dxe5 13. Bxe4 Bxe4 14. Bg3 Nc5
15. Qc3 Bxf3 16. gxf3 Qf6 17. f4 Qf5 18. O-O-O Rfd8 19. Qc2 Nd3+ 20. Kb1 e4 21.
Rhg1 Rd6 22. Bh4 f6 23. Qb3 Rad8 24. c5+ Rd5 25. cxb6 cxb6 26. Rd2 Kh8 27. Qa4
R5d7 28. Qc4 Qh5 29. Bg3 Qf3 30. Rgd1 h6 31. b3 a5 32. a3 Rd6 33. Rg1 Nc5 34.
Rxd6 Rxd6 35. Qc2 Qg4 36. b4 axb4 37. axb4 Nd3 38. f5 Rd8 39. Qc4 Qxf5 40. Rf1
Qd7 41. h4 Nxb4 0-1

[Event "AUTO-ADV-1242"]
[Site "http://www.queenalice.com/game.php?id=633075"]
[Date "2009.8.8"]
[Round "2"]
[White "johnson_PEBR"]
[Black "tsangal"]
[Result "1/2-1/2"]
[WhiteElo "2143"]
[BlackElo "2130"]

1. Nf3 c5 2. e4 g6 3. d4 cxd4 4. Qxd4 Nf6 5. Bc4 Nc6 6. Qd3 Bg7 7. a3 O-O 8. Nc3
d6 9. O-O Bg4 10. Ba2 Bxf3 11. Qxf3 Nd4 12. Qd3 Nc6 13. f3 a6 14. Be3 Ne5 15.
Qd2 Qc7 16. g4 Nc4 17. Bxc4 Qxc4 18. Bg5 Qe6 19. h3 Rac8 20. Rae1 Nd7 21. Nd5 f6
22. Be3 Qf7 23. c3 Rfd8 24. b4 b5 25. Bd4 e6 26. Nb6 Nxb6 27. Bxb6 Rd7 28. Rc1
d5 29. Rfd1 f5 30. exf5 gxf5 31. Bc5 fxg4 32. fxg4 Bf8 33. Bd4 Rdc7 34. Rf1 Qd7
35. Rf3 Bg7 36. Rcf1 Bxd4+ 37. Qxd4 Rc4 38. Qf6 Qe8 39. Re1 Re4 40. Rfe3 1/2-1/2

[Event "AUTO-ADV-1242"]
[Site "http://www.queenalice.com/game.php?id=633076"]
[Date "2009.8.8"]
[Round "2"]
[White "tsangal"]
[Black "johnson_PEBR"]
[Result "1/2-1/2"]
[WhiteElo "2130"]
[BlackElo "2164"]

1. e4 Nf6 2. e5 Nd5 3. d4 d6 4. c4 Nb6 5. exd6 cxd6 6. Nc3 Bf5 7. Nf3 e6 8. Bd3
Be7 9. Bxf5 exf5 10. O-O O-O 11. Re1 Bf6 12. b3 Nc6 13. Be3 Re8 14. Qd2 a6 15.
d5 Ne5 16. Nxe5 Bxe5 17. f4 Bf6 18. Bd4 Nd7 19. Rxe8+ Qxe8 20. Bxf6 Nxf6 21. Re1
Qd7 22. Qd4 Re8 23. Rxe8+ Qxe8 24. Kf1 Qb8 25. b4 Qc7 26. c5 Nd7 27. cxd6 Qxd6
28. g3 Kf8 29. a4 b6 30. Qc4 Ke7 31. Kf2 a5 32. bxa5 bxa5 33. Qb5 Qc5+ 34. Qxc5+
Nxc5 35. Ke3 Kd6 36. Kd4 Nb3+ 37. Kc4 Nd2+ 38. Kb5 Ne4 39. Nxe4+ fxe4 40. Kc4 e3
41. Kd3 e2 42. Kxe2 Kxd5 43. Kd3 f5 44. h3 g6 45. g4 fxg4 46. hxg4 h6 47. Ke3 h5
48. f5 hxg4 49. fxg6 Ke6 50. Kf4 Kf6 51. Kxg4 Kxg6 1/2-1/2

[Event "AUTO-ADV-1242"]
[Site "http://www.queenalice.com/game.php?id=633079"]
[Date "2009.8.8"]
[Round "2"]
[White "tsangal"]
[Black "thw"]
[Result "1-0"]
[WhiteElo "2121"]
[BlackElo "1877"]

1. e4 e6 2. d4 d5 3. Nc3 Nf6 4. Bg5 Be7 5. e5 Nfd7 6. Bxe7 Qxe7 7. f4 a6 8. Nf3
O-O 9. Bd3 h6 10. O-O c5 11. Qd2 Nc6 12. dxc5 Nxc5 13. Rac1 b5 14. a3 f6 15.
exf6 Qxf6 16. g3 Bb7 17. Rce1 Rae8 18. Qf2 Nxd3 19. cxd3 Qf5 20. Nd4 Nxd4 21.
Qxd4 Rf7 22. Re5 Qg6 23. Rfe1 Bc8 24. Nxd5 1-0

[Event "AUTO-ADV-1242"]
[Site "http://www.queenalice.com/game.php?id=633080"]
[Date "2009.8.8"]
[Round "2"]
[White "thw"]
[Black "tsangal"]
[Result "0-1"]
[WhiteElo "1961"]
[BlackElo "2107"]

1. e4 c5 2. Nf3 g6 3. d4 cxd4 4. Nxd4 Nc6 5. Be3 Nf6 6. Nxc6 bxc6 7. Nc3 Bg7 8.
Bd3 O-O 9. f3 d5 10. e5 Nh5 11. g4 d4 12. Bxd4 Qxd4 13. gxh5 Qh4+ 14. Kd2 Qg5+
15. Ke2 Qxe5+ 16. Kd2 Bh6+ 0-1

[Event "AUTO-MASTER-1038"]
[Site "http://www.queenalice.com/game.php?id=728412"]
[Date "2010.2.8"]
[Round "1"]
[White "docb"]
[Black "tsangal"]
[Result "0-1"]
[WhiteElo "2013"]
[BlackElo "2131"]

1. e4 e5 2. Nf3 Nc6 3. d4 exd4 4. Nxd4 Nf6 5. Nxc6 bxc6 6. Bg5 Be7 7. Bd3 Nxe4
8. Bxe7 Qxe7 9. O-O O-O 10. Re1 d5 11. f3 Qc5+ 0-1

[Event "AUTO-MASTER-1038"]
[Site "http://www.queenalice.com/game.php?id=728413"]
[Date "2010.2.8"]
[Round "1"]
[White "tsangal"]
[Black "docb"]
[Result "1-0"]
[WhiteElo "2130"]
[BlackElo "1955"]

1. e4 Nc6 2. Nf3 d6 3. d4 Bg4 4. d5 Ne5 5. Bb5+ c6 6. dxc6 Nxc6 7. h3 Bh5 8. Qd5
Nf6 9. Bxc6+ bxc6 10. Qxc6+ Nd7 11. Nd4 Rc8 12. Qa4 Qb6 13. Nc3 e6 14. O-O Be7
15. Be3 Qb7 16. Ndb5 O-O 17. Qxa7 Qxa7 18. Nxa7 Rc7 19. Nab5 Rb7 20. a4 Bf6 21.
f3 d5 22. exd5 Bxc3 23. bxc3 exd5 24. Rfd1 Nf6 25. Bg5 Bg6 26. Bxf6 gxf6 27.
Rxd5 Bxc2 28. a5 Bb3 29. Rc5 Rfb8 30. Nd4 Be6 31. a6 Rb2 32. a7 Ra8 33. Rb5 Rxb5
34. Nxb5 1-0

[Event "AUTO-MASTER-1038"]
[Site "http://www.queenalice.com/game.php?id=728424"]
[Date "2010.2.8"]
[Round "1"]
[White "math"]
[Black "tsangal"]
[Result "1-0"]
[WhiteElo "1909"]
[BlackElo "2128"]

1. c4 c5 2. g3 g6 3. Bg2 Bg7 4. e3 Nc6 5. Ne2 Nf6 6. Nbc3 O-O 7. O-O d6 8. d3
Bf5 9. a3 Qd7 10. Nf4 Rab8 11. Qe2 Rfe8 12. Nb5 a6 13. Nc3 b5 14. cxb5 axb5 15.
Ncd5 Nxd5 16. Nxd5 Bh3 17. Nf4 Bxg2 18. Kxg2 e6 19. Rb1 b4 20. axb4 Rxb4 21. Qc2
Reb8 22. Ne2 Qb7 23. f3 Bxb2 24. Bxb2 Rxb2 25. Rxb2 Qxb2 26. Qxb2 Rxb2 27. Rf2
Rb3 28. Nc1 1-0

[Event "AUTO-MASTER-1038"]
[Site "http://www.queenalice.com/game.php?id=728425"]
[Date "2010.2.8"]
[Round "1"]
[White "tsangal"]
[Black "math"]
[Result "1-0"]
[WhiteElo "2125"]
[BlackElo "1906"]

1. e4 d5 2. exd5 Qxd5 3. Nc3 Qd8 4. d4 Nf6 5. Nf3 Bg4 6. h3 Bh5 7. Bb5+ c6 8.
Be2 e6 9. O-O Nbd7 10. Bf4 Nb6 11. Ne5 Bxe2 12. Nxe2 Nbd7 13. Re1 Be7 14. Qd3
Nxe5 15. Bxe5 Bd6 16. Qg3 Bxe5 17. dxe5 Nh5 18. Qe3 g6 19. Rad1 Qe7 20. Rd2 O-O
21. Red1 Ng7 22. Rd7 Qb4 23. Qc3 Qb6 24. Ng3 Rad8 25. Ne4 Rxd7 26. Nf6+ 1-0

[Event "AUTO-MASTER-1038"]
[Site "http://www.queenalice.com/game.php?id=728432"]
[Date "2010.2.8"]
[Round "1"]
[White "tsangal"]
[Black "Gloria"]
[Result "0-1"]
[WhiteElo "2131"]
[BlackElo "2226"]

1. e4 c5 2. Nc3 a6 3. g3 b5 4. Nf3 Bb7 5. d3 g6 6. Bg2 Bg7 7. O-O Nc6 8. Be3 d6
9. Re1 b4 10. Na4 Nf6 11. a3 Ng4 12. Bd2 a5 13. axb4 axb4 14. Ng5 Nge5 15. f4 h6
16. Nf3 Nxf3+ 17. Qxf3 Nd4 18. Qd1 O-O 19. c3 bxc3 20. bxc3 Bc6 21. e5 Bxg2 22.
Kxg2 Ne6 23. exd6 Qxd6 24. Be3 Rfd8 25. Kg1 Ra5 26. Ra2 Qa6 27. Qc2 Rxd3 28. Bf2
c4 29. Rea1 Qc6 30. Rd1 h5 31. Rda1 h4 0-1

[Event "AUTO-MASTER-1038"]
[Site "http://www.queenalice.com/game.php?id=728433"]
[Date "2010.2.8"]
[Round "1"]
[White "Gloria"]
[Black "tsangal"]
[Result "1-0"]
[WhiteElo "2165"]
[BlackElo "2135"]

1. e4 e5 2. f4 Bc5 3. Nf3 d6 4. Nc3 Nf6 5. d4 exd4 6. Nxd4 O-O 7. Be3 Ng4 8. Bg1
Bb4 9. Qf3 Bxc3+ 10. Qxc3 Re8 11. O-O-O Rxe4 12. h3 Nf6 13. Bd3 Re8 14. Bf2 Nd5
15. Qd2 c5 16. c4 Nb4 17. Nb5 Nxa2+ 18. Kb1 Nb4 19. Nxd6 Qxd6 20. Bxh7+ Kxh7 21.
Qxd6 1-0

[Event "AUTO-MASTER-1039"]
[Site "http://www.queenalice.com/game.php?id=728929"]
[Date "2010.2.9"]
[Round "1"]
[White "paulogaspar"]
[Black "tsangal"]
[Result "0-1"]
[WhiteElo "2108"]
[BlackElo "2113"]

1. d4 Nf6 2. c3 g6 3. Bg5 Bg7 4. Nf3 b6 5. g3 O-O 6. Bg2 Bb7 7. O-O d5 8. Nbd2
c5 9. dxc5 bxc5 10. Nb3 Nbd7 11. Ne1 Qc7 12. Qc2 e6 13. Rd1 a5 14. Nc1 c4 15. e3
Nc5 16. Nf3 Nfe4 17. g4 Nxg5 18. Nxg5 h6 19. Nh3 Bc6 20. Nf4 Be5 21. Nce2 Ba4
22. Qb1 Bxd1 23. Rxd1 Rab8 24. h3 g5 25. Nh5 Na4 26. Rd2 Nxc3 27. Nxc3 Bxc3 28.
Rc2 Be5 29. f4 gxf4 30. exf4 Qb6+ 31. Kh1 Bxb2 32. Qe1 Qb4 33. Qh4 Bh8 34. Rf2
Qe1+ 35. Kh2 Rb2 36. Nf6+ Bxf6 37. Qxf6 Qxf2 0-1

[Event "AUTO-MASTER-1039"]
[Site "http://www.queenalice.com/game.php?id=728930"]
[Date "2010.2.9"]
[Round "1"]
[White "tsangal"]
[Black "paulogaspar"]
[Result "1-0"]
[WhiteElo "2121"]
[BlackElo "2034"]

1. e4 e6 2. d4 d5 3. Nc3 Bb4 4. e5 Nc6 5. a3 Be7 6. Nf3 b6 7. Bb5 Bb7 8. O-O a6
9. Bd3 h6 10. Be3 Qd7 11. Qd2 O-O-O 12. Qe2 Nb8 13. b4 f5 14. exf6 Nxf6 15. Ne5
Qe8 16. Bg6 Qf8 17. Nf7 Bc6 18. Nxh8 Qxh8 19. Bf7 Bd7 20. Bf4 g5 21. Bg3 Qh7 22.
Bxe6 Nc6 23. Qxa6+ Kb8 24. Bxc7+ 1-0

[Event "AUTO-MASTER-1039"]
[Site "http://www.queenalice.com/game.php?id=728947"]
[Date "2010.2.9"]
[Round "1"]
[White "tsangal"]
[Black "Gloria"]
[Result "0-1"]
[WhiteElo "2122"]
[BlackElo "2235"]

1. e4 c5 2. Nc3 a6 3. Nf3 d6 4. d4 cxd4 5. Nxd4 Nf6 6. Bc4 e6 7. O-O Be7 8. Bg5
O-O 9. Qd2 Nc6 10. Nxc6 bxc6 11. Rad1 d5 12. Bd3 d4 13. Ne2 e5 14. c3 c5 15. h3
h6 16. Bxf6 Bxf6 17. cxd4 cxd4 18. f4 Be6 19. b3 Qd6 20. fxe5 Bxe5 21. Qa5 Rfc8
22. Rc1 g6 23. Rxc8+ Rxc8 24. Kh1 Rc5 25. Qd2 g5 26. g4 Kg7 27. Rc1 Rxc1+ 28.
Qxc1 a5 29. Ng1 Bf4 30. Qb2 Be3 0-1

[Event "AUTO-MASTER-1039"]
[Site "http://www.queenalice.com/game.php?id=728948"]
[Date "2010.2.9"]
[Round "1"]
[White "Gloria"]
[Black "tsangal"]
[Result "1-0"]
[WhiteElo "2216"]
[BlackElo "2141"]

1. e4 e5 2. f4 Bc5 3. Nf3 d6 4. c3 Bb6 5. d4 exd4 6. cxd4 Bg4 7. Bb5+ c6 8. Be2
d5 9. e5 Ne7 10. Be3 Nf5 11. Bf2 O-O 12. O-O Nd7 13. h3 Bxf3 14. Bxf3 Re8 15.
Nc3 Nf8 16. Qd3 g6 17. g4 Nh4 18. Bh1 Ne6 19. Ne2 c5 20. dxc5 Nxc5 21. Qxd5 Nd3
22. Bxb6 Qxb6+ 23. Qd4 Qxd4+ 24. Nxd4 Rad8 25. Nb5 Nxb2 26. Nc7 Re7 27. Nd5 Re6
28. Rab1 Nc4 29. Rxb7 a6 30. Rc1 1-0

[Event "AUTO-MASTER-1039"]
[Site "http://www.queenalice.com/game.php?id=728949"]
[Date "2010.2.9"]
[Round "1"]
[White "tsangal"]
[Black "miah14"]
[Result "0-1"]
[WhiteElo "2124"]
[BlackElo "2436"]

1. e4 c5 2. Nc3 Nc6 3. f4 e6 4. Nf3 Be7 5. Bb5 Nf6 6. O-O d5 7. Bxc6+ bxc6 8.
Ne5 c4 9. d4 Qc7 10. exd5 cxd5 11. Bd2 O-O 12. Qe2 Rb8 13. Rab1 Bd6 14. b3 Ba6
15. bxc4 Bxe5 16. fxe5 Bxc4 17. Qf3 Bxf1 18. Rxb8 Qxb8 19. exf6 Ba6 20. Qg4 g6
21. Qg5 Kh8 22. Qh6 Rg8 23. h4 Qb2 24. Qe3 Qxc2 25. Kh2 Qf5 26. Qf4 Qxf4+ 27.
Bxf4 Rc8 0-1

[Event "AUTO-MASTER-1039"]
[Site "http://www.queenalice.com/game.php?id=728950"]
[Date "2010.2.9"]
[Round "1"]
[White "miah14"]
[Black "tsangal"]
[Result "1-0"]
[WhiteElo "2417"]
[BlackElo "2139"]

1. e4 e5 2. Nf3 Nc6 3. Nc3 Nf6 4. Bc4 Nxe4 5. O-O Nxc3 6. dxc3 h6 7. Qe2 d5 8.
Rd1 Bd6 9. Bxd5 O-O 10. Nd2 Ne7 11. Bb3 Bf5 12. Nc4 Nc6 13. Nxd6 cxd6 14. Be3
Qc7 15. Qh5 Be6 16. Bxh6 gxh6 17. Qxh6 Qe7 18. Rd3 Bf5 19. Rg3+ Bg6 20. Rxg6#
1-0

[Event "AUTO-OPEN-1463"]
[Site "http://www.queenalice.com/game.php?id=786969"]
[Date "2010.6.7"]
[Round "3"]
[White "tsangal"]
[Black "cunha"]
[Result "0-1"]
[WhiteElo "2130"]
[BlackElo "2759"]

1. e4 c5 2. Nc3 Nc6 3. f4 g6 4. Nf3 Bg7 5. Bb5 Nf6 6. Bxc6 bxc6 7. d3 d6 8. O-O
O-O 9. Qe1 Rb8 10. b3 Bg4 0-1